00871cam a2200265 i 450000100060000000300090000600500170001500800410003202000180007304000330009108200190012410000180014324501330016125000120029426400360030630000320034250000200037452000510039454600280044565000480047365000150052165000320053670000210056870000160058920063BD-DhUAP20200208151217.0200208s2013 ii b 001 0 eng  z9789350352366 aDLCbengerdacDLCdBD-DhUAP 223a345.54 NAL1 aNalwa, Suman.10aLaw relating to dowry, dowry death, cruelty to women & domestic violence /cSuman Nalwa, Hari Dev Kohli ; foreword by A S Anand. a2nd ed. 1aNew Delhi :bUniversal,cc2013. alxxxiii, 668 pages ;c25 cm aIncludes index. aLaws on anti-corruption with latest amendments aIn English and Bengali. 0aWomenxCrimes againstvLaw and legislation. 0aUxoricide. 0aDowryxCriminal provisions. aKohli, Hari Dev. aAnand, A S.